000
00333nam a2200133Ia 4500
008
240624s9999 xx 000 0 und d
041
_a
eng
082
_a
920 SYE
100
_a
SYED M H
245
_a
SWAMI VIVEKANANDA
260
_c
2011
_a
Mumbai
_b
Himalaya Publishing House
300
_a
vii, : 337 : p. : cm. ; 22
365
_c
RS
_b
30
999
_c
19559
_d
19559